সতীনাথ গ্রন্থাবলী / (Record no. 54171)
[ view plain ]
| 000 -LEADER | |
|---|---|
| fixed length control field | 01048nam a2200265 a 4500 |
| 001 - CONTROL NUMBER | |
| control field | 54171 |
| 003 - CONTROL NUMBER IDENTIFIER | |
| rucl marc code | BD-RjUL |
| 005 - DATE AND TIME OF LATEST TRANSACTION | |
| control field | 20250827154815.0 |
| 008 - FIXED-LENGTH DATA ELEMENTS--GENERAL INFORMATION | |
| fixed length control field | 161102s1975 ii ||||| |||| 00| 0 ben d |
| 020 ## - INTERNATIONAL STANDARD BOOK NUMBER | |
| Terms of availability | : Irs 30.00 |
| 035 ## - SYSTEM CONTROL NUMBER | |
| System control number | (BD-RjUL) 54293 |
| 040 ## - CATALOGING SOURCE | |
| Original cataloging agency | BD-RjUL |
| Language of cataloging | ben |
| Transcribing agency | BD-RjUL |
| 041 ## - LANGUAGE CODE | |
| Language code of text/sound track or separate title | ben |
| 082 ## - DEWEY DECIMAL CLASSIFICATION NUMBER | |
| Edition number | 23 |
| Classification number | 891.4408 |
| Author mark and year | SAS 1975 |
| 100 ## - MAIN ENTRY--PERSONAL NAME | |
| Personal name | সতীনাথ |
| 9 (RLIN) | 161703 |
| 245 10 - TITLE STATEMENT | |
| Title | সতীনাথ গ্রন্থাবলী / |
| Statement of responsibility, etc. | সতীনাথ |
| 260 ## - PUBLICATION, DISTRIBUTION, ETC. (IMPRINT) | |
| Place of publication, distribution, etc. | কলকাতা : |
| Name of publisher, distributor, etc. | সিহনেট বুকশপ, |
| Date of publication, distribution, etc. | ১৯৭৫ |
| 300 ## - PHYSICAL DESCRIPTION | |
| Pagination | খণ্ড. ; |
| Size | ২৩ সেমি. |
| 505 0# - FORMATTED CONTENTS NOTE | |
| Formatted contents note | খণ্ড ১ম --খণ্ড ২ য় -- খণ্ড ৪র্থ -- |
| 650 ## - SUBJECT ADDED ENTRY--TOPICAL TERM | |
| Topical term or geographic name as entry element | বাংলা সাহিত্য |
| General subdivision | সংগ্রহ |
| 9 (RLIN) | 122902 |
| Topical term or geographic name as entry element | Bengali Literature |
| General subdivision | Collected Work |
| 9 (RLIN) | 148350 |
| 700 ## - ADDED ENTRY--PERSONAL NAME | |
| Personal name | ঘোষ, শঙ্খ, সম্পাদক |
| Personal name | আচার্য, নির্মাল্য, সম্পাদক |
| 942 ## - ADDED ENTRY ELEMENTS (KOHA) | |
| Source of classification or shelving scheme | Dewey Decimal Classification |
| Koha item type | Books |
| Lost status | Source of classification or shelving scheme | Damaged status | Not for loan | Collection code | Permanent Location | Current Location | Shelving location | Date acquired | Source of acquisition | Cost, normal purchase price | Total Checkouts | Full call number | Date last seen | Copy number | Koha item type | Date checked out |
|---|---|---|---|---|---|---|---|---|---|---|---|---|---|---|---|---|
| Dewey Decimal Classification | Non-fiction | Central Library, University of Rajshahi | Central Library, University of Rajshahi | 21/11/1979 | Kolikata, India International | 30.00 | B 891.4408 SAS V-4 1975 | 02/11/2016 | C-2 | Books | ||||||
| Dewey Decimal Classification | Not For Loan | Non-fiction | Central Library, University of Rajshahi | Central Library, University of Rajshahi | Reading Room | 21/11/1979 | Kolikata, India International | 30.00 | B 891.4408 SAS V-2 1977 | 31/01/2017 | C-1 | Books | ||||
| Dewey Decimal Classification | Not For Loan | Non-fiction | Central Library, University of Rajshahi | Central Library, University of Rajshahi | Reading Room | 01/11/1979 | India Int. Calcutta | 30.00 | B 891.4408 SAS V-4 1975 | 19/02/2017 | C-1 | Books | ||||
| Dewey Decimal Classification | Non-fiction | Central Library, University of Rajshahi | Central Library, University of Rajshahi | 01/11/1979 | India Int. Calcutta | 30.00 | 3 | B 891.4408 SAS V-2 1975 | 08/12/2025 | C-2 | Books | 08/12/2025 | ||||
| Dewey Decimal Classification | Not For Loan | Non-fiction | Central Library, University of Rajshahi | Central Library, University of Rajshahi | Reading Room | 27/08/2025 | B 891.4408 SAS V-1 1975 | 27/08/2025 | C-1 | Books |